000 00238nam a22001217a 4500
040 _cSK
082 _a636
100 _aNA
245 _aCattle ailments recognition and treatment
260 _aNA
_bNA
_cNA
300 _a182p.
942 _cEK
999 _c8959
_d8959